000 006470000a22001810004500
003 MACL
005 20160607123309.0
008 160607b xxu||||| |||| 00| 0 eng d
040 _aMACL
_cMACL
041 _aHindi
082 _a920 VAD
100 _aवडाएच, सुहैल
_962575
245 _aगददार कौन
_bनवाज शरीफ की कहानी उनकी जुबानी
_cसुहैल वडाएच
260 _bरेमाधव पब्लिकेशन्‍स
_c2007
_aनई दिल्‍ली
350 _a330
650 _aAuto Biography
_914205
942 _cHIN
_k920/VAD
_2ddc
999 _c41405
_d41405